000 00574cam a22002053a 4500
001 36046
003 PGUSA
005 20140828083757.0
008 110506s2011||||xxu|||||s|||||000 | eng d
040 _aPGUSA
_beng
042 _adc
100 1 _aSpeed, Nell,
_d1878-1913
245 1 0 _aVacation with the Tucker Twins
_h[electronic resource] /
_cNell Speed
260 _bProject Gutenberg,
_c2011
506 _aPublic domain in the USA.
516 _aElectronic text
830 0 _aProject Gutenberg
_v36046
856 4 0 _uhttp://www.gutenberg.org/ebooks/36046
942 _cEB
999 _c265301
_d265301